| 000 | 01210cam a2200301 a 4500 | ||
|---|---|---|---|
| 001 | 16017734 | ||
| 005 | 20100419130424.0 | ||
| 008 | 091211s2010 maua b 001 0 eng | ||
| 010 | _a 2009050831 | ||
| 020 | _a9780123745033 | ||
| 020 | _a0123745039 | ||
| 035 | _a(OCoLC)ocn449880240 | ||
| 040 |
_aDLC _cDLC _dYDX _dYDXCP _dBWX _dDLC |
||
| 050 | 0 | 0 |
_aHG4534 _b.S76 2010 |
| 082 | 0 | 0 |
_a332.66 _222 _bSTO |
| 100 | 1 |
_aStowell, David. _922517 |
|
| 245 | 1 | 3 |
_aAn Introduction to Investment Banks, Hedge Funds, and Private Equity : _bThe New Paradigm / _cDavid P. Stowell. |
| 260 |
_aBurlington, MA : _bAcademic Press/Elsevier, 2010 _cc2010. |
||
| 300 |
_axiv, 578 p. : _bill. ; _c27 cm. |
||
| 504 | _aIncludes bibliographical references (p. 559-562) and index. | ||
| 650 | 0 |
_aInvestment banking. _922518 |
|
| 650 | 0 |
_aHedge funds. _922519 |
|
| 650 | 0 |
_aPrivate equity. _922520 |
|
| 650 | 0 |
_aFinance _xHistory _y21st century. _922521 |
|
| 942 |
_2ddc _cBB |
||
| 999 |
_c14997 _d14997 |
||